[Event "XXXIV Festival A"]
[Site "Arco ITA"]
[Date "2012.10.21"]
[Round "9"]
[White "Herold, Hansjoerg"]
[Black "Schaefer, Michael"]
[WhiteElo "2043"]
[BlackElo "2174"]
[Result "0-1"]
[PlyCount "138"]
[EventDate "2012.10.13"]

1. e4 c5 2. c3 d5 3. exd5 Qxd5 4. d4 g6 5. Be3 cxd4 6. Qxd4 Nf6 7. Nf3 Nc6 8.
Qxd5 Nxd5 9. Bd4 Nxd4 10. Nxd4 Bg7 11. Bb5+ Bd7 12. Bxd7+ Kxd7 13. Nf3 Rhd8 14.
O-O Ke8 15. Nbd2 Nf4 16. g3 Nd3 17. Rab1 b5 18. Ne4 h6 19. Ne1 Ne5 20. f4 Nc4
21. Nf3 Rd5 22. Rbd1 Rxd1 23. Rxd1 Nxb2 24. Rb1 Na4 25. Rxb5 Nxc3 26. Nxc3 Bxc3
27. Rb7 a5 28. Rc7 Bb4 29. Ne5 Bd6 30. Rb7 Rb8 31. Rxb8+ Bxb8 32. Nc4 Bc7 33.
Kf2 Kd7 34. Ke3 Kc6 35. Kd4 Kb5 36. Na3+ Kb4 37. Nc2+ Kb5 38. Na3+ Kc6 39. Nc4
a4 40. Na3 Bb6+ 41. Kc4 f6 42. Nb5 Bc5 43. Nc3 h5 44. Nxa4 Bg1 45. h3 Bh2 46.
g4 hxg4 47. hxg4 Bxf4 48. Kd4 Be5+ 49. Kc4 f5 50. gxf5 gxf5 51. Nc5 Bc7 52. Ne6
Kd6 53. Nd4 Ke5 54. Nc6+ Kd6 55. Nd4 e6 56. a4 Bb6 57. Nb3 e5 58. a5 Ba7 59.
Nc1 e4 60. Ne2 Ke5 61. Kc3 f4 62. Kd2 f3 63. Ng3 e3+ 64. Ke1 Kf4 65. Nh5+ Kg4
66. Nf6+ Kf5 67. Nd5 Ke4 68. Nb4 Bd4 69. a6 Bc3+ 0-1

[Event "XXXIV Festival A"]
[Site "Arco ITA"]
[Date "2012.10.21"]
[Round "9"]
[White "Kierzek, Mira"]
[Black "Coolen, Marlo"]
[WhiteElo "2018"]
[BlackElo "1873"]
[Result "1-0"]
[PlyCount "89"]
[EventDate "2012.10.13"]

1. d4 d5 2. Nf3 Nf6 3. e3 c6 4. Bd3 Nbd7 5. Nbd2 Qc7 6. O-O e6 7. c4 Be7 8. b3
O-O 9. Bb2 Re8 10. Rc1 Qd8 11. Bb1 Nf8 12. Ne5 N6d7 13. f4 f5 14. Ndf3 Nxe5 15.
Nxe5 Ng6 16. Nd3 Bd7 17. Kh1 Bf8 18. Rf3 Qf6 19. Rh3 Rec8 20. Qe2 Be8 21. Rg1
h6 22. Nf2 Kf7 23. g4 Bd6 24. gxf5 exf5 25. Nd3 Ke7 26. Ne5 Kd8 27. Rhg3 Bxe5
28. dxe5 Qe6 29. Qd3 Nh4 30. cxd5 cxd5 31. Qd1 Rc7 32. Bd4 Rac8 33. Rxg7 h5 34.
R7g3 b6 35. Qd2 Ng6 36. Qb4 Rc1 37. Qa3 Rxg1+ 38. Kxg1 Rc7 39. Kf2 h4 40. Rg5
Rf7 41. h3 Nf8 42. Bd3 Nh7 43. Rg8 Qe7 44. Bxb6+ axb6 45. Qa8+ 1-0

[Event "XXXIV Festival A"]
[Site "Arco ITA"]
[Date "2012.10.21"]
[Round "9"]
[White "Kveinys, Aloyzas"]
[Black "De Santis, Alessio"]
[WhiteElo "2526"]
[BlackElo "2294"]
[Result "1-0"]
[PlyCount "81"]
[EventDate "2012.10.13"]

1. d4 Nf6 2. Nf3 e6 3. c4 b6 4. g3 Ba6 5. Qa4 Bb7 6. Bg2 Be7 7. O-O O-O 8. Re1
a5 9. Bg5 h6 10. Bxf6 Bxf6 11. Nc3 Na6 12. e4 Be7 13. Rad1 Bb4 14. Qc2 Bxc3 15.
Qxc3 d6 16. Nh4 Re8 17. f4 Qe7 18. b3 Rad8 19. Nf3 c5 20. d5 f6 21. Bh3 Nc7 22.
Nh4 e5 23. Qf3 Bc8 24. Bxc8 Rxc8 25. Qg4 Kh7 26. Qg6+ Kh8 27. fxe5 Qxe5 28. Nf5
Re7 29. Nxe7 Qxe7 30. e5 fxe5 31. Rf1 Kg8 32. Rf5 Rf8 33. Rxf8+ Qxf8 34. Rf1
Qe7 35. h4 Qd7 36. Kg2 Qe7 37. Rf2 b5 38. Qf5 b4 39. Qc8+ Kh7 40. Rf8 e4 41.
Qf5+ 1-0

[Event "XXXIV Festival A"]
[Site "Arco ITA"]
[Date "2012.10.21"]
[Round "9"]
[White "Leone, Cataldo"]
[Black "Oltramari, Silvano"]
[WhiteElo "1590"]
[BlackElo "1742"]
[Result "1-0"]
[PlyCount "53"]
[EventDate "2012.10.13"]

1. e4 e5 2. Nf3 d6 3. Nc3 Nf6 4. d4 exd4 5. Nxd4 Be7 6. Bc4 O-O 7. O-O c5 8.
Nf3 a6 9. a4 Nc6 10. h3 Bd7 11. Bf4 Na5 12. Be2 Be6 13. b3 Qd7 14. Nd5 Bxd5 15.
exd5 Qf5 16. Bd2 Bd8 17. c4 Qd7 18. Qc2 Re8 19. Bd3 b5 20. Ng5 bxc4 21. bxc4 h6
22. Nxf7 Qxf7 23. Bg6 Qf8 24. Bxe8 Nxe8 25. Rfe1 Ra7 26. Qg6 Qf7 27. Rxe8+ 1-0

[Event "XXXIV Festival A"]
[Site "Arco ITA"]
[Date "2012.10.21"]
[Round "9"]
[White "Lezzerini, Marco"]
[Black "Nordstrom, Hakon N."]
[WhiteElo "1920"]
[BlackElo "1780"]
[Result "1-0"]
[PlyCount "91"]
[EventDate "2012.10.13"]

1. c4 e6 2. g3 f5 3. Bg2 Nf6 4. Nc3 Bb4 5. Qb3 c5 6. a3 Bxc3 7. bxc3 Qc7 8. d3
Nc6 9. Nf3 b6 10. O-O Bb7 11. Rd1 O-O 12. Qa2 Kh8 13. Bf4 d6 14. d4 e5 15. dxe5
Nxe5 16. Nxe5 dxe5 17. Bxe5 Qxe5 18. Bxb7 Rab8 19. Bf3 Qxc3 20. Rd3 Qe5 21.
Rad1 g5 22. Re3 Qc7 23. Qb2 Rbd8 24. Rxd8 Qxd8 25. Re6 Kg7 26. Qe5 Kg6 27. e4
fxe4 28. Bxe4+ Kf7 29. Bd5 Kg6 30. f4 h6 31. fxg5 hxg5 32. h4 gxh4 33. gxh4 Kh7
34. Qf5+ Kh8 35. Qf4 Qd7 36. Qh6+ Nh7 37. Rg6 Qe7 38. Qh5 Qe3+ 39. Kh2 Rf2+ 40.
Bg2 Qf4+ 41. Kh3 Qf5+ 42. Qxf5 Rxf5 43. Rh6 Kg7 44. Rxh7+ Kxh7 45. Be4 Kg6 46.
Kg4 1-0

[Event "XXXIV Festival A"]
[Site "Arco ITA"]
[Date "2012.10.21"]
[Round "9"]
[White "Medancic, Rikard"]
[Black "Popa, Claudiu"]
[WhiteElo "2234"]
[BlackElo "2139"]
[Result "1-0"]
[PlyCount "91"]
[EventDate "2012.10.13"]

1. c4 e6 2. g3 d5 3. Bg2 Nf6 4. Nf3 Be7 5. O-O O-O 6. b3 b6 7. Bb2 Bb7 8. d3
Nbd7 9. Nbd2 c5 10. e3 Rc8 11. Qe2 Qc7 12. Rac1 Qb8 13. e4 dxe4 14. dxe4 e5 15.
Nh4 g6 16. Nb1 Nh5 17. Nf5 Bf6 18. Nc3 Ng7 19. Nh6+ Kh8 20. Rcd1 Rcd8 21. Ng4
Be7 22. Nd5 Bxd5 23. Rxd5 f6 24. Bh3 Qc7 25. f4 h5 26. Ne3 Bd6 27. Rfd1 Nb8 28.
Qd3 Ne8 29. fxe5 Bxe5 30. Bxe5 Rxd5 31. cxd5 Qxe5 32. Nc4 Qg5 33. a4 Ng7 34.
Rf1 Kg8 35. Qf3 Re8 36. d6 Rf8 37. e5 f5 38. Qd5+ Kh7 39. e6 Rd8 40. Bg2 Qf6
41. e7 Re8 42. Qe5 Nd7 43. Qxf6 Nxf6 44. Bc6 Rb8 45. d7 Nxd7 46. Bxd7 1-0

[Event "XXXIV Festival A"]
[Site "Arco ITA"]
[Date "2012.10.21"]
[Round "9"]
[White "Mombelli, Antonio"]
[Black "Gulinelli, Euro"]
[WhiteElo "1799"]
[BlackElo "1633"]
[Result "0-1"]
[PlyCount "106"]
[EventDate "2012.10.13"]

1. e4 c6 2. d4 d5 3. e5 Bf5 4. Nf3 e6 5. Be2 c5 6. O-O Nc6 7. c3 cxd4 8. Nxd4
Bxb1 9. Nxc6 bxc6 10. Rxb1 Ne7 11. Bg5 Qc7 12. Bf4 g6 13. Bf3 Bg7 14. Re1 O-O
15. Qc1 Rfd8 16. Bg5 Rd7 17. Bf6 Rb8 18. Qg5 h6 19. Qg4 c5 20. Bxg7 Kxg7 21.
Qf4 Nc6 22. b3 a5 23. h4 Qd8 24. h5 Qg5 25. Qxg5 hxg5 26. hxg6 Kxg6 27. Bd1 d4
28. Bf3 Ne7 29. Rbd1 Rbd8 30. Be4+ Kg7 31. cxd4 cxd4 32. Bd3 Nd5 33. Rd2 Nc3
34. g3 Rh8 35. Kg2 Rd5 36. Kf3 f6 37. exf6+ Kxf6 38. Bc4 Rd6 39. a4 Kf5 40. Rc1
Rhd8 41. Bd3+ Kf6 42. Rh1 e5 43. Be4 g4+ 44. Kxg4 Nxe4 45. Rc2 Nc3 46. Rh6+ Kg7
47. Rh5 Rd5 48. Rc1 e4 49. Rh4 Rh8 50. f4 Rxh4+ 51. Kxh4 e3 52. g4 e2 53. Kg3
d3 0-1

[Event "XXXIV Festival A"]
[Site "Arco ITA"]
[Date "2012.10.21"]
[Round "9"]
[White "Mumelter, Igor"]
[Black "Kierzek, Matthias"]
[WhiteElo "1837"]
[BlackElo "2191"]
[Result "0-1"]
[PlyCount "65"]
[EventDate "2012.10.13"]

1. e4 c6 2. d4 d5 3. Nc3 dxe4 4. Nxe4 Bf5 5. Ng3 Bg6 6. h4 h6 7. Nf3 Nd7 8. h5
Bh7 9. Bd3 Bxd3 10. Qxd3 e6 11. Bd2 Ngf6 12. O-O-O Be7 13. Ne4 Nxe4 14. Qxe4
Nf6 15. Qd3 O-O 16. Kb1 Ng4 17. Qe2 Qd5 18. Ne5 Nxe5 19. dxe5 Qc5 20. f4 Rad8
21. g4 Rd5 22. c4 Rd4 23. Be3 Qxc4 24. Qxc4 Rxc4 25. Rd7 Bc5 26. b3 Rc3 27.
Bxc5 Rxc5 28. Rhd1 Rb5 29. Kc2 a5 30. a3 Rc5+ 31. Kb2 b5 32. Rb7 a4 33. Rdd7
0-1

[Event "XXXIV Festival A"]
[Site "Arco ITA"]
[Date "2012.10.21"]
[Round "9"]
[White "Perich, Stefano"]
[Black "Bernardi, Ruben"]
[WhiteElo "1871"]
[BlackElo "2114"]
[Result "1-0"]
[PlyCount "45"]
[EventDate "2012.10.13"]

1. Nf3 d5 2. d4 Nf6 3. Bf4 e6 4. e3 c5 5. c3 Nc6 6. Bd3 Qb6 7. Qc1 Nh5 8. Bg5
h6 9. Bh4 g5 10. Bg3 f5 11. Be5 Rg8 12. b3 g4 13. Nfd2 Nxe5 14. dxe5 Qc7 15. h3
Qxe5 16. hxg4 Nf4 17. Bb5+ Bd7 18. Bxd7+ Kxd7 19. Nf3 Nxg2+ 20. Kf1 Qg7 21. Rg1
fxg4 22. Rxg2 Qf7 23. Ne5+ 1-0

[Event "XXXIV Festival A"]
[Site "Arco ITA"]
[Date "2012.10.21"]
[Round "9"]
[White "Prelati, Maurizio"]
[Black "Bondielli, Giorgio"]
[WhiteElo "1976"]
[BlackElo "1849"]
[Result "1-0"]
[PlyCount "113"]
[EventDate "2012.10.13"]

1. e4 e5 2. Nf3 Nf6 3. Nxe5 d6 4. Nf3 Nxe4 5. d4 d5 6. Bd3 Bd6 7. O-O O-O 8. c4
c6 9. Qc2 f5 10. Nc3 Na6 11. a3 Be6 12. c5 Be7 13. Bxa6 bxa6 14. Qa4 Qc8 15.
Ne5 Nxc3 16. bxc3 Bd7 17. Nxd7 Qxd7 18. Qxa6 f4 19. f3 Rab8 20. Re1 g5 21. Qe2
Kf7 22. Qd3 Kg7 23. Bd2 Bf6 24. Rab1 Rfe8 25. Kf2 Rxe1 26. Rxb8 Re8 27. Rxe8
Qxe8 28. Qe2 Qd7 29. a4 Bd8 30. c4 Bf6 31. Bc3 h5 32. h3 Qf5 33. cxd5 Qxd5 34.
Qd2 a5 35. h4 Qc4 36. hxg5 Bxg5 37. Bxa5 Qxa4 38. Bc7 Bh4+ 39. Ke2 Qc4+ 40. Kd1
Qa4+ 41. Kc1 Qc4+ 42. Kb2 Qb5+ 43. Kc3 Bg3 44. Qd3 Be1+ 45. Kc2 Qa4+ 46. Kb1
Qb4+ 47. Kc1 Bh4 48. Bxf4 Bf6 49. Be3 Qa5 50. Kc2 Qa1 51. Qb3 Qa6 52. Kd2 Qa5+
53. Ke2 Qa6+ 54. Kf2 Bh4+ 55. Kg1 Qe2 56. Kh2 Qe1 57. Bf4 1-0

[Event "XXXIV Festival A"]
[Site "Arco ITA"]
[Date "2012.10.21"]
[Round "9"]
[White "Pretto, Aldo"]
[Black "Niccoli, Paolo"]
[WhiteElo "1733"]
[BlackElo "1915"]
[Result "1-0"]
[PlyCount "59"]
[EventDate "2012.10.13"]

1. c4 Nf6 2. g3 g6 3. Bg2 Bg7 4. Nc3 O-O 5. e4 d6 6. Nge2 c5 7. O-O Nc6 8. d3
a6 9. Rb1 Rb8 10. a4 Bd7 11. h3 Ne8 12. Be3 Nd4 13. b4 Nc7 14. b5 axb5 15. axb5
Ra8 16. Qd2 Nce6 17. Bh6 Bxh6 18. Qxh6 Nxe2+ 19. Nxe2 Ra2 20. Qe3 Qa5 21. e5 b6
22. Rbd1 f6 23. exd6 exd6 24. Bd5 Re8 25. Nf4 Kf7 26. Rfe1 g5 27. Nxe6 Bxe6 28.
Bxe6+ Kg7 29. h4 h6 30. h5 1-0

[Event "XXXIV Festival A"]
[Site "Arco ITA"]
[Date "2012.10.21"]
[Round "9"]
[White "Rizzoli, Aluna"]
[Black "Karl, Hans"]
[WhiteElo "1868"]
[BlackElo "2141"]
[Result "1-0"]
[PlyCount "86"]
[EventDate "2012.10.13"]

1. e4 e5 2. f4 Bc5 3. Nf3 d6 4. Nc3 Nc6 5. Bb5 Nf6 6. Na4 Nxe4 7. Qe2 Nf6 8.
fxe5 O-O 9. Bxc6 bxc6 10. d4 Bxd4 11. Nxd4 dxe5 12. Nb3 Bg4 13. Qd2 Qd5 14.
Qxd5 cxd5 15. O-O Rfe8 16. c3 Ne4 17. Nbc5 Nd6 18. b3 f5 19. Ba3 c6 20. Na6 Nb5
21. Bc5 Rac8 22. h3 Be2 23. Rxf5 Nxc3 24. Nxc3 Bxa6 25. Re1 e4 26. Ne2 Bd3 27.
Nd4 a6 28. Rg5 h6 29. Rg3 Re5 30. Kf2 Ree8 31. Ke3 Kh7 32. Kd2 g6 33. Rge3 h5
34. h4 Kg7 35. g4 hxg4 36. Rg1 Kh7 37. Rxg4 Rc7 38. Reg3 Rg8 39. h5 g5 40. Ne6
Rcc8 41. Nxg5+ Kh6 42. Nf7+ Kh7 43. Rxg8 Rxg8 1-0

[Event "XXXIV Festival A"]
[Site "Arco ITA"]
[Date "2012.10.21"]
[Round "9"]
[White "Roth, Peter"]
[Black "Messina, Roberta"]
[WhiteElo "2226"]
[BlackElo "1983"]
[Result "1/2-1/2"]
[PlyCount "25"]
[EventDate "2012.10.13"]

1. e4 c5 2. Nf3 d6 3. d4 cxd4 4. Qxd4 Nc6 5. Bb5 Qd7 6. Bxc6 Qxc6 7. c4 e5 8.
Qd3 Be6 9. Na3 Nf6 10. Nd2 Be7 11. O-O O-O 12. Nc2 Nd7 13. Nb4 1/2-1/2

[Event "XXXIV Festival A"]
[Site "Arco ITA"]
[Date "2012.10.21"]
[Round "9"]
[White "Schnitzspan, Lothar"]
[Black "Horvath, Csaba"]
[WhiteElo "2325"]
[BlackElo "2526"]
[Result "1/2-1/2"]
[PlyCount "32"]
[EventDate "2012.10.13"]

1. Nf3 Nf6 2. c4 g6 3. b3 Bg7 4. Bb2 d6 5. g3 e5 6. Bg2 O-O 7. O-O e4 8. Nd4 d5
9. Nc2 c6 10. cxd5 cxd5 11. d3 exd3 12. Qxd3 Bf5 13. Qd1 Nc6 14. Nd4 Be4 15.
Nd2 Bxg2 16. Kxg2 Rc8 1/2-1/2

[Event "XXXIV Festival A"]
[Site "Arco ITA"]
[Date "2012.10.21"]
[Round "9"]
[White "Simeone, Giulio"]
[Black "Barlocco, Carlo"]
[WhiteElo "1928"]
[BlackElo "2086"]
[Result "0-1"]
[PlyCount "68"]
[EventDate "2012.10.13"]

1. c4 f5 2. e4 fxe4 3. d3 Nf6 4. dxe4 e5 5. Bd3 Bc5 6. Nf3 Nc6 7. Bg5 O-O 8.
O-O d6 9. Nc3 h6 10. Bh4 Bg4 11. Be2 g5 12. Bg3 Qd7 13. Nd2 Bxe2 14. Nxe2 Nh5
15. Nb3 b6 16. h4 Nf4 17. hxg5 hxg5 18. Bxf4 gxf4 19. Nxc5 bxc5 20. f3 Nd4 21.
Nxd4 cxd4 22. Kf2 Kg7 23. Rh1 Rh8 24. Qd2 Kf6 25. Ke2 Qa4 26. b3 Qa6 27. Rag1
Rag8 28. Kd1 Qb6 29. Qf2 Qa5 30. Qc2 d3 31. Qxd3 Rxg2 32. Rxg2 Rxh1+ 33. Kc2
Qxa2+ 34. Kc3 Qxg2 0-1

[Event "XXXIV Festival A"]
[Site "Arco ITA"]
[Date "2012.10.21"]
[Round "9"]
[White "Stap, Kees"]
[Black "La Manna, Andrea"]
[WhiteElo "2098"]
[BlackElo "2193"]
[Result "0-1"]
[PlyCount "82"]
[EventDate "2012.10.13"]

1. c4 f5 2. g3 Nf6 3. Bg2 g6 4. Nc3 Bg7 5. d3 O-O 6. e4 fxe4 7. dxe4 d6 8. Nge2
c5 9. O-O Nc6 10. h3 e5 11. Nd5 Be6 12. Bg5 Qd7 13. Kh2 Nh5 14. Qd2 Rf7 15. g4
Nf4 16. Nexf4 exf4 17. Bxf4 Rxf4 18. Nxf4 Be5 19. Kg1 Bxc4 20. Nd3 Bxd3 21.
Qxd3 g5 22. Qd5+ Kg7 23. Rad1 Qe7 24. b3 Qf6 25. f4 gxf4 26. b4 cxb4 27. Qb5
Rb8 28. Kh1 Qe7 29. Rd3 Rf8 30. Qc4 Rf7 31. Bf3 Qh4 32. Bg2 Qe7 33. Bf3 a6 34.
Bd1 Bc3 35. Rxc3 bxc3 36. Qxc3+ Qe5 37. Qxe5+ dxe5 38. Bb3 Rd7 39. Rf2 Rd3 40.
Kg2 Nd4 41. Bd5 b5 0-1

[Event "XXXIV Festival A"]
[Site "Arco ITA"]
[Date "2012.10.21"]
[Round "9"]
[White "Tencheni, Maurizio"]
[Black "Moratto, Davide"]
[WhiteElo "1707"]
[BlackElo "1854"]
[Result "1/2-1/2"]
[PlyCount "66"]
[EventDate "2012.10.13"]

1. e4 b6 2. d4 Bb7 3. Bd3 g6 4. Nf3 Bg7 5. O-O e6 6. Re1 Ne7 7. Bg5 f6 8. Be3
O-O 9. Qe2 Qc8 10. c3 Ba6 11. Nbd2 Bxd3 12. Qxd3 d5 13. Nf1 Qa6 14. Qxa6 Nxa6
15. exd5 Nxd5 16. Bd2 Rae8 17. Ne3 c5 18. Nxd5 exd5 19. Be3 Re4 20. Nd2 Re7 21.
Kf1 Rfe8 22. Nb3 c4 23. Nd2 b5 24. Bf4 Rxe1+ 25. Rxe1 Rxe1+ 26. Kxe1 Kf7 27.
Nf1 Ke6 28. g4 b4 29. h3 bxc3 30. bxc3 Bf8 31. Ne3 g5 32. Bg3 Bd6 33. Bxd6 Kxd6
1/2-1/2

[Event "XXXIV Festival A"]
[Site "Arco ITA"]
[Date "2012.10.21"]
[Round "9"]
[White "Tocco, Paolo"]
[Black "Pomini, Aurelien"]
[WhiteElo "2133"]
[BlackElo "2012"]
[Result "1/2-1/2"]
[PlyCount "134"]
[EventDate "2012.10.13"]

1. f4 d5 2. e3 g6 3. Nf3 Bg7 4. d3 Nf6 5. Be2 c5 6. O-O Nc6 7. Qe1 O-O 8. Qh4
Re8 9. Ne5 Nd7 10. Nxc6 bxc6 11. Nc3 Ba6 12. f5 e6 13. Qxd8 Raxd8 14. fxg6 hxg6
15. Bd2 Nb6 16. Rad1 c4 17. d4 Bc8 18. Be1 e5 19. Bf2 Bf5 20. Rd2 Bf8 21. g4
Bc8 22. a3 c5 23. dxe5 Rxe5 24. Bf3 Bh6 25. Re2 Rde8 26. Rfe1 Bb7 27. Nb5 a6
28. Nd6 R8e7 29. Nxb7 Rxb7 30. e4 d4 31. Bg3 Re6 32. e5 Rbe7 33. Bh4 Re8 34. g5
Bg7 35. Bg3 d3 36. Rd2 dxc2 37. Rxc2 Bxe5 38. Bxe5 Rxe5 39. Rxe5 Rxe5 40. h4
Kf8 41. Kf2 Ke7 42. Kg3 Re3 43. Kf4 Rb3 44. Bg2 Na4 45. Bd5 Nxb2 46. Bxc4 Nxc4
47. Rxc4 Rxa3 48. Rxc5 Ra4+ 49. Kg3 Rd4 50. Ra5 Rd6 51. Kf4 Rb6 52. Ra4 Kd7 53.
Kg4 Kc8 54. h5 gxh5+ 55. Kxh5 Rc6 56. Rf4 Rc7 57. Rf6 Ra7 58. Kh6 Kd8 59. g6
fxg6 60. Rxg6 a5 61. Kg5 a4 62. Kf4 a3 63. Rg1 Kc7 64. Ke3 Kb6 65. Kd3 Ka5 66.
Kc2 Rb7 67. Rg5+ Ka6 1/2-1/2

[Event "XXXIV Festival A"]
[Site "Arco ITA"]
[Date "2012.10.21"]
[Round "9"]
[White "Zangrando, Gianpietro"]
[Black "Anfuso, Luigi"]
[WhiteElo "1800"]
[BlackElo "1743"]
[Result "1-0"]
[PlyCount "57"]
[EventDate "2012.10.13"]

1. Nf3 Nf6 2. c4 c6 3. Nc3 d5 4. d4 e6 5. Bg5 dxc4 6. a4 Bb4 7. Qc2 Nbd7 8. e4
Qa5 9. Bd2 b5 10. Be2 O-O 11. O-O Qb6 12. e5 Bxc3 13. bxc3 Nd5 14. Ng5 g6 15.
h4 Re8 16. h5 Nf8 17. Ne4 Qc7 18. Bg5 Nd7 19. Nd6 Rf8 20. Bh6 Rd8 21. axb5 c5
22. hxg6 fxg6 23. Bxc4 cxd4 24. cxd4 N7b6 25. Rfc1 Nxc4 26. Qxc4 Qxc4 27. Rxc4
Nb6 28. Rc7 Rd7 29. Rac1 1-0

[Event "XXXIV Festival A"]
[Site "Arco ITA"]
[Date "2012.10.21"]
[Round "9"]
[White "Ziltener, Werner"]
[Black "Joerges, Frank"]
[WhiteElo "2053"]
[BlackElo "1915"]
[Result "1/2-1/2"]
[PlyCount "57"]
[EventDate "2012.10.13"]

1. d4 d5 2. c4 c6 3. Nf3 Nf6 4. Qc2 e6 5. Nc3 Nbd7 6. e3 Bd6 7. b3 O-O 8. Bb2
Qe7 9. Be2 dxc4 10. bxc4 e5 11. d5 cxd5 12. cxd5 e4 13. Nd4 Nb6 14. Ndb5 Bb4
15. O-O Nbxd5 16. Nxd5 Nxd5 17. Rac1 Bd7 18. Nd4 Rac8 19. Qb3 Nf6 20. Rxc8 Rxc8
21. a3 Bd6 22. Rd1 b6 23. Ba6 Rc5 24. Nb5 Be6 25. Qb4 Rd5 26. Qa4 Rxd1+ 27.
Qxd1 Bc5 28. Qc2 Qd7 29. Nd4 1/2-1/2

[Event "XXXIV Festival A"]
[Site "Arco ITA"]
[Date "2012.10.21"]
[Round "9"]
[White "Zucchelli, Massimo"]
[Black "Burnier, David"]
[WhiteElo "2176"]
[BlackElo "2313"]
[Result "0-1"]
[PlyCount "52"]
[EventDate "2012.10.13"]

1. d4 Nf6 2. c4 g6 3. Nc3 d5 4. Nf3 Bg7 5. Bf4 O-O 6. Rc1 Be6 7. e3 dxc4 8. e4
c6 9. Ng5 b5 10. Bxb8 Rxb8 11. Nxe6 fxe6 12. Be2 b4 13. e5 Bh6 14. exf6 Bxc1
15. fxe7 Qxe7 16. Qxc1 bxc3 17. bxc3 c5 18. O-O cxd4 19. cxd4 Rfc8 20. Qe3 Qd6
21. h4 c3 22. Bg4 Rb6 23. h5 Rc7 24. d5 Qxd5 25. Rd1 c2 26. Bxe6+ Rxe6 0-1